000 00507nam a22001937a 4500
003 MPLRDC
005 20220104201333.0
008 210129b ||||| |||| 00| 0 eng d
020 _a978-988-202-940-8
082 _a427.1 SQF
100 _a施琼芳
245 _a新手入厨必修课
_c吴卓祺 摄影
250 _a初版
260 _a香港
_b海滨图书公司 大众控股集团成员
_c2016
300 _b
520 _a上架 2017-04-16。
650 _a食谱
942 _cBK
_o427.1 SQF
999 _c67121
_d67111